ORGANIC CHEMISTRY (Record no. 10108)
[ view plain ]
| 000 -LEADER | |
|---|---|
| fixed length control field | 00303nam a22001457a 4500 |
| 003 - CONTROL NUMBER IDENTIFIER | |
| control field | SGT |
| 082 ## - DEWEY DECIMAL CLASSIFICATION NUMBER | |
| Classification number | MEH 547 |
| 100 ## - MAIN ENTRY--PERSONAL NAME | |
| Personal name | MEHTA,BHUPINDER |
| 245 ## - TITLE STATEMENT | |
| Title | ORGANIC CHEMISTRY |
| 250 ## - EDITION STATEMENT | |
| Edition statement | 2ND |
| 260 ## - PUBLICATION, DISTRIBUTION, ETC. (IMPRINT) | |
| Place of publication, distribution, etc | NEW DELHI |
| Name of publisher, distributor, etc | PHI |
| Year of Publication | 2015 |
| 300 ## - PAGE DESCRIPTION | |
| No. of Pages | 1172 |
| 650 ## - SUBJECT ADDED ENTRY--TOPICAL TERM | |
| Topical term or geographic name as entry element | ORGANIC CHEMISTRY |
| 942 ## - ADDED ENTRY ELEMENTS (KOHA) | |
| Source of classification or shelving scheme | Dewey Decimal Classification |
| Koha item type | FPS Books |
| 942 ## - ADDED ENTRY ELEMENTS (KOHA) | |
| -- | 10 |
| Withdrawn status | Lost status | Source of classification or shelving scheme | Damaged status | Not for loan | Collection code | Home library | Current library | Shelving location | Date acquired | Vendor Name | Cost, normal purchase price | SGTU | Bill Number | Total Checkouts | Full call number | Accession No. (Barcode) | Date last seen | Date last borrowed | Bill Date | Koha item type | Total Renewals |
|---|---|---|---|---|---|---|---|---|---|---|---|---|---|---|---|---|---|---|---|---|---|
| Dewey Decimal Classification | SCIENCE | SGT Science & Social Sciences Library | SGT Science & Social Sciences Library | Text Book | 03/12/2016 | UNIVERSAL BOOK | 695.00 | SGTU | 377 | 25 | MEH 547 | PS3130 | 05/05/2026 | 23/04/2026 | 20/10/2016 | FPS Books | |||||
| Dewey Decimal Classification | SCIENCE | SGT Science & Social Sciences Library | SGT Science & Social Sciences Library | Text Book | 03/12/2016 | UNIVERSAL BOOK | 695.00 | SGTU | 377 | 17 | MEH 547 | PS3131 | 17/06/2025 | 10/06/2025 | 20/10/2016 | FPS Books | |||||
| Dewey Decimal Classification | SCIENCE | SGT Science & Social Sciences Library | SGT Science & Social Sciences Library | Text Book | 03/12/2016 | UNIVERSAL BOOK | 695.00 | SGTU | 377 | 17 | MEH 547 | PS3132 | 02/06/2025 | 28/02/2025 | 20/10/2016 | FPS Books | 1 |